It is not Because you are - Renaud - Statistiques

Statistiques générales
  • Ce quiz a été pris 109 fois
  • Le résultat moyen est 253 sur 313
Statistiques - réponses
Réponse % Correct
a
100%
I
100%
you
100%
You
100%
you,
100%
are
97%
bec
97%
because
97%
It
97%
not
97%
Not
97%
me
95%
me,
95%
is
94%
love
94%
am
89%
do
89%
have
89%
to
87%
To
87%
When
87%
au
85%
was
85%
C’est
84%
fille
84%
jeune
84%
my
84%
My
84%
Qu’I
84%
qu’I
84%
qui
84%
pair
82%
que
82%
And
81%
and
81%
parce
81%
pas
81%
rencontred
81%
we
81%
We
81%
beau
76%
m’a
76%
the
76%
go
73%
on
73%
On
73%
pelle
73%
roule
73%
of
71%
d’amour
69%
story
69%
partout
68%
super
68%
In
66%
poil
66%
put
66%
spell
66%
Together
66%
mob
65%
father
63%
For
63%
grand
63%
appris
61%
beautiful
61%
foule
61%
middle
61%
mind
61%
belle
60%
dignité
60%
English?
60%
fric
60%
Friday
60%
tell
60%
say
58%
thank
58%
very
58%
children
56%
divorced
56%
like
56%
mec
56%
sale
56%
stupid
56%
that
56%
comme
55%
disputed
55%
decide
53%
max
53%
learning
52%
beaucoup
50%
bien
50%
brave
50%
Just
50%
rosbeef
50%
une
50%
all
48%
But
48%
really
48%
ça
47%
madeleine
47%
marshmallow
47%
sinon
47%
Stone
47%
what
47%
boude
45%
give
45%
That’s
45%
chialed
44%
make
44%
arrive
42%
misunderstood
42%
must
42%
Charden
40%
day
40%
loving
39%
one
39%
with
37%
let
34%
marry
34%
wanted
34%
Don’t
31%
This
29%
musical
24%
bridge
21%
Eh!
18%
Aucun quiz correspondant
Distribution des résultats
% des personnes avec chaque résultat
Percentile par nombre de réponses
Votre historique - résultats
Vous n’avez pas pris ce quiz